| 000 | 00580nam a2200205 a 4500 | ||
|---|---|---|---|
| 001 | 10821 | ||
| 003 | CO-ViMGA | ||
| 008 | 141112s2004 ck r 000 u spa d | ||
| 040 |
_aCO-ViMGA _bspa _cCO-ViMGA |
||
| 082 | 0 | 4 | _a321.6 A735o |
| 100 | 1 |
_aArendt ; Hannah, Solano Guillermo, _914776 |
|
| 245 | 1 | 0 | _aLos OrĂgenes del totalitarismo |
| 260 |
_aMadrid : _bAlianza Editorial, _c1982 |
||
| 300 | _a2V. | ||
| 590 | _aObservaciones : 84 - 206 - 2316 - 4 | ||
| 650 | 1 | 4 |
_aANTISEMTISMO _914777 |
| 650 | 1 | 4 |
_aIMPERIALISMO _914778 |
| 650 | 1 | 4 |
_aTOTALITARISMO _914779 |
| 942 |
_2ddc _cBK |
||
| 999 |
_c22041 _d22041 |
||